El mirador de los ángeles : (Record no. 1844)

000 -CABECERA
fixed length control field 00765nam a22002057a 4500
003 - IDENTIFICADOR DEL NÚMERO DE CONTROL
control field AR-CdUCM
008 - DATOS DE LONGITUD FIJA--INFORMACIÓN GENERAL
fixed length control field 190228b ||||| |||| 00| 0 spa d
040 ## - FUENTE DE LA CATALOGACIÓN
Agencia/entidad que catalogó originalmente la obra MUNICIPALIDAD PROVINCIAL DEL CUSCO
Entidad que transcribió la catalogación BIBLIOTECA MUNICIPAL DEL CUSCO
082 ## - NÚMERO DE LA CLASIFICACIÓN DECIMAL DEWEY
No. de Clasificación 869.56 /
Notacion interna D75
100 ## - ENTRADA PRINCIPAL--NOMBRE DE PERSONA
Nombre Personal Diez Canseco Pereira, José
245 ## - MENCIÓN DE TÍTULO
Título El mirador de los ángeles :
Resto del título Las urrutia /
260 ## - PUBLICACIÓN, DISTRIBUCIÓN, ETC.
Lugar de publicación, distribución, etc. Lima :
Nombre de la editorial, distribuidor, etc. Instituto Nacional de Cultura,
Fecha de publicación, distribución, etc. 1974.
300 ## - DESCRIPCIÓN FÍSICA
Nº de Páginas Extensión 316 páginas ;
Dimensiones 18 cm.
505 ## - NOTA DE CONTENIDO CON FORMATO
Nota de contenido formateada Las urrutia -- El mirador de los Ángeles -- Libro I: Aleluyas de vísperas -- Libro II: Romance y noches buenas ...
650 ## - PUNTO DE ACCESO ADICIONAL DE MATERIA--TÉRMINO DE MATERIA
Descriptor Narración en el Perú.
9 (RLIN) 6754
650 ## - PUNTO DE ACCESO ADICIONAL DE MATERIA--TÉRMINO DE MATERIA
Descriptor Novela.
9 (RLIN) 5
700 ## - PUNTO DE ACCESO ADICIONAL--NOMBRE DE PERSONA
Nombre Personal Escajadillo, Tomás G.
9 (RLIN) 6755
942 ## - ELEMENTOS DE PUNTO DE ACCESO ADICIONAL (KOHA)
Fuente de clasificación
Tipo de item Libros-BMC
945 ## - PROCESAMIENTO DE INFORMACIÓN LOCAL (OCLC)
Catalogador mvr
AAAA-MM-DD - Fecha de ingreso o modificacion 2019-02-28
Holdings
Estado de retiro (separado) Fuente de clasificación o esquema de estanterías Estado dañado Ubicación Sala donde se ubica Nombre de la colección Fecha de adquisición o compra Costo, precio normal en soles Signatura topográfica Código de Barras Última vez visto (Koha) Tipo de ítem (Koha)
No     Sala Humanidades Sala Humanidades Book Cart 2019-02-28 10.00 869.56 / D75M SH0000001878 2019-02-28 Libros-BMC

Powered by Koha